Эффект Баушингера при контроле напряжений магнитоупругим методом; Прочность, пластичность и контактное взаимодействие твердых тел

Бібліографічні деталі
Parent link:Прочность, пластичность и контактное взаимодействие твердых тел.— 1976.— С. 3-39
Автор: Анфилофьев А. В.
Мова:Російська
Опубліковано: 1976
Предмети:
Формат: MixedMaterials Частина з книги
KOHA link:https://koha.lib.tpu.ru/cgi-bin/koha/opac-detail.pl?biblionumber=594858

MARC

LEADER 00000naa0a2200000 4500
001 594858
005 20250217111240.0
035 |a (RuTPU)RU\TPU\tpu\11922 
090 |a 594858 
100 |a 20040319d1976 k y0rusy50 ca 
101 0 |a rus 
102 |a RU 
200 1 |a Эффект Баушингера при контроле напряжений магнитоупругим методом  |f А. В. Анфилофьев 
463 |t Прочность, пластичность и контактное взаимодействие твердых тел  |v С. 3-39  |d 1976 
610 1 |a эффект Баушингера 
610 1 |a напряжения 
610 1 |a магнитоупругие методы 
610 1 |a контроль 
610 1 |a труды учёных ТПУ 
700 1 |a Анфилофьев  |b А. В. 
801 1 |a RU  |b 63413507  |c 20040319  |g PSBO 
801 2 |a RU  |b 63413507  |c 20100409  |g PSBO 
942 |c BK